000
00317nam a22001457a 4500
008
210303b ||||| |||| 00| 0 eng d
020
_a
9780130224668
041
_a
eng
080
_2
8th
_a
574
082
_a
574
100
_a
9
101
_a
MJE
245
_a
Environmental Geology
_c
Keller, E. A
942
_2
udc
_c
BK
999
_c
55679
_d
55679